Los refugiados españoles y la cultura mexicana (Record no. 47822)

MARC details
000 -LEADER
campo de control de longitud fija 00902nam a2200241 i 4500
001 - NÚMERO DE CONTROL
campo de control 47822
003 - IDENTIFICADOR DE NÚMERO DE CONTROL
campo de control ES-MaACL
005 - FECHA Y HORA DE LA ÚLTIMA TRANSACCIÓN
campo de control 20230906161635.0
007 - CAMPO FIJO DE DESCRIPCIÓN FÍSICA--INFORMACIÓN GENERAL
campo de control de longitud fija t|
008 - DATOS DE LONGITUD FIJA--INFORMACIÓN GENERAL
campo de control de longitud fija 030528s1999 mx |||| | spa d
020 ## - NÚMERO INTERNACIONAL ESTÁNDAR DEL LIBRO
Número Internacional Estándar del Libro 968-12-0955-9
080 ## - NÚMERO DE LA CLASIFICACIÓN DECIMAL UNIVERSAL
Número de la Clasificación Decimal Universal 929-054.7(=1.460:72)"19":008
245 04 - MENCIÓN DEL TÍTULO
Título Los refugiados españoles y la cultura mexicana
Resto del título : actas de las segundas jornadas celebradas en el Colegio de México en noviembre de 1996 /
Mención de responsabilidad, etc. James Valender, Rose Corral, Juan Manuel Díaz de Guereñu ... [et al.].
250 ## - MENCION DE EDICION
Mención de edición 1ª ed.
260 ## - PUBLICACIÓN, DISTRIBUCIÓN, ETC.
Lugar de publicación, distribución, etc. México :
Nombre del editor, distribuidor, etc. El Colegio de México,
Fecha de publicación, distribución, etc. 1999.
300 ## - DESCRIPCIÓN FÍSICA
Extensión 516 p. ;
Dimensiones 24 cm.
500 ## - NOTA GENERAL
Nota general Índice.
504 ## - NOTA DE BIBLIOGRAFÍA, ETC.
Nota de bibliografía, etc. Referencias bibliográficas.
650 14 - PUNTO DE ACCESO ADICIONAL DE MATERIA--TÉRMINO DE MATERIA
Término de materia o nombre geográfico como elemento de entrada Exiliados españoles-
Subdivisión geográfica México-
Subdivisión general Vida intelectual-
Subdivisión de forma Congresos y asambleas.
9 (RLIN) 160019
700 1# - ENTRADA AGREGADA--NOMBRE PERSONAL
Nombre de persona Valender, James.
9 (RLIN) 112583
710 2# - ENTRADA AGREGADA--NOMBRE DE ENTIDAD CORPORATIVA
Nombre de entidad corporativa o nombre de jurisdicción como elemento de entrada Colegio de México.
9 (RLIN) 2911
852 ## - LOCALIZACIÓN
Ubicación ES-MaACL
Número de control de estantería L-26403
Holdings
Estatus retirado Estado de pérdida Estado de daño No para préstamo Biblioteca de origen Biblioteca actual Ubicación en estantería Fecha de adquisición Fuente de adquisición Total de préstamos Signatura topográfica completa Código de barras Visto por última vez Precio de reemplazo Tipo de ítem Koha
        Biblioteca del Ateneo de Madrid Biblioteca del Ateneo de Madrid Depósito 2 17/01/2008     L-26403 1050326 23/02/2023 23/02/2023 Libro impreso